01100 a2200193 45000010006000000050017000060080041000230030015000640400040000790800061001192450048001802500012002282640040002403000019002805050525002990410008008241000042008327000032008744186320260407155709.0260407a1969 arg spa dAR-UNSa-BCEJYS aAR-UNSa-BCEJYSbspacAR-UNSa-BCEJYS a16xLógica. Epistemología. Teoría del conocimiento10aElementos de lógica moderna y filosofía a2a. ed. 1aBuenos Aires :bAngel Estradac1969 a393 p.c21 cm. a1. La filosofía - 2. Recursos metodológicos auxiliares - 3. La lógica formal - 4. Los términos - 5. Las proposiciones - 6. Los razonamientos - 7. Elementos de lógica proposicional - 8. Elementos de la lógica de predicados - 9. Elementos de lógica de las clases - 10. Elementos de lógica de las relaciones - 11. La definición - 12. Elementos de metodología - 13. Nociones de teoría del concocimiento - 14. Nociones sobre teoría de la verdad - 15. Nociones de ética - 16. Nociones de metafísica aspa1 aColacilli de Muro, María Angélica1 aColacilli de Muro, Julio C.